Predpoklady riešenia regionálnych disparít

Celoštátna nezamestnanosť, nezamestnanosť vo východoslovenských okresoch. Nedostatok finančných prostriedkov zvyšuje zaostávanie východných okresov.

Guardado en:
Detalles Bibliográficos
Autor principal: Lysák, Ladislav
Formato: Capítulo de libro
Lenguaje:eslovaco
Materias:
Etiquetas: Agregar Etiqueta
Sin Etiquetas, Sea el primero en etiquetar este registro!

MARC

LEADER 00000naa a2200000 4500
001 0142689
005 20240502072545.6
041 0 |a slo 
044 |a SK 
245 1 0 |a Predpoklady riešenia regionálnych disparít  |c Ladislav Lysák 
520 |a Celoštátna nezamestnanosť, nezamestnanosť vo východoslovenských okresoch. Nedostatok finančných prostriedkov zvyšuje zaostávanie východných okresov. 
610 2 0 |a regióny administratívne 
610 2 0 |a disparita 
610 2 0 |a Slovensko 
610 2 0 |a nezamestnanosť 
100 1 |a Lysák, Ladislav